|
|
|
|
| LEADER |
01065pam a22003138a 4500 |
| 001 |
00046540 |
| 008 |
210324s2015####-vm#################vie|d |
| 005 |
20210324080341.0 |
| 020 |
# |
# |
|a 9786047335015
|c 0
|
| 041 |
0 |
# |
|a vie
|
| 082 |
0 |
4 |
|a 650.1
|b TH124B
|
| 100 |
1 |
# |
|a Đặng, Đức Thành
|
| 245 |
1 |
0 |
|a Thất bại tại trời hay tại mình?
|c Đặng Đức Thành
|
| 260 |
# |
# |
|a Tp. Hồ Chí Minh
|b Đại học Quốc gia Tp. Hồ Chí Minh
|c 2015
|
| 300 |
# |
# |
|a 168tr.
|b bảng, biểu đồ
|c 21cm
|
| 490 |
0 |
# |
|a Bộ sách Bí quyết làm giàu
|v T.5
|
| 504 |
# |
# |
|a Thư mục: tr. 155-156. - Phụ lục: tr. 157-158
|
| 653 |
# |
# |
|a Bí kíp
|
| 653 |
# |
# |
|a Thất bại
|
| 653 |
# |
# |
|a Thành công
|
| 653 |
# |
# |
|a Làm giàu
|
| 653 |
# |
# |
|a Kinh doanh
|
| 655 |
# |
7 |
|2 Bộ TK TVQG
|a Chuyên đề
|
| 852 |
# |
# |
|j KD.0027926
|
| 910 |
# |
# |
|d 24/03/2021
|
| 920 |
|
|
|a Đặng Đức Thành
|
| 930 |
|
|
|a 349264
|
| 941 |
|
|
|b KT
|
| 980 |
# |
# |
|a Trung tâm Học liệu Lê Vũ Hùng, Trường Đại học Đồng Tháp
|